000 00499nam a2200181Ia 4500
001 9285
005 20260306161707.0
008 260306t2015||||xx |||||||||||||| ||spa||
041 _aESP
082 _a378.07
_bJ24
100 _aJarton, Michèle
_eAUT
245 0 _aLa FIUC una organización profética:
_bcrónica de la Federación Internacional de Universidades Católicas
260 _c2015
300 _a428 páginas :
_c24 cm.
650 _aGEN
654 _aCED
942 _cLIB
_dJUS
_fJUS
_2ddc
_n
999 _c9285
_d9285